00446nam a2200157Ia 4500008004100000020001500041082001200056100004200068245004400110250000900154260003400163300002700197500001900224600003300243650001200276240925s9999 xx 000 0 und d a020170059X a530 YOU aYoung, Hugh .D; Freedman, Robart A. 0aUniversity Physics: with modern physics a12th aNew York:bFree Pressc,2000. avi,330p.bNAfOriginal aIncludes Index aHumanities & Natural Science aPhysics